| 000 | 00511nam a2200169 4500 | ||
|---|---|---|---|
| 008 | 020115s1853 miu engta | ||
| 020 | _a0801024374 | ||
| 090 |
_aBT130 _bC38d |
||
| 100 | 1 | _aCharnock, Stephen | |
| 245 | 1 | 0 |
_aDiscourses upon the existence and attributes of God / _cStephen Charnock. |
| 250 | _arep. | ||
| 260 |
_aMichigan : _bBaker, _cc1853, _c1979. |
||
| 300 | _a2 volumes | ||
| 650 | 4 |
_aGod _xAttributes. |
|
| 650 | 4 |
_aGod _xProof. |
|
| 951 |
_p7685 _oBT130/C38d-I _j070613111037390 _d2000-12-21 _cREF |
||
| 999 |
_c5575 _d5575 |
||